Efectos de la crisis internacional en el mercado de trabajo

Guardado en:
Bibliografiske detaljer
Institution som forfatter: Guatemala. Secretaría General del Consejo Nacional de Planificación Económica
Format: Texto
Udgivet: Guatemala: OIT
Fag:
Tags: Tilføj Tag
Ingen Tags, Vær først til at tagge denne postø!

MARC

LEADER 00000 a a2200000 04500
001 18175
003
040
090 |a 025100  
110 |a Guatemala. Secretaría General del Consejo Nacional de Planificación Económica  
245 |a Efectos de la crisis internacional en el mercado de trabajo  
260 |a Guatemala:   |b OIT  
300 |a 16 p.  
650 |a RECESION ECONOMICA5CONDICIONES ECONOMICAS  
650 |a POLITICA ECONOMICA  
650 |a EMPLEO  
650 |a POLITICA DE EMPLEO  
650 |a PLANES DE DESARROLLO  
999 |c 9550  |d 9550